Stanovenie hodnoty podniku diplomová práca

Gespeichert in:
Bibliographische Detailangaben
1. Verfasser: Kasperkevič, Ľubomír
Körperschaft: Fakulta podnikového manažmentu EU. Katedra podnikovohospodárska
Weitere Verfasser: Kardoš, Peter
Format: Buch
Sprache:Slowakisch
Veröffentlicht: Bratislava 2008
Tags: Tag hinzufügen
Keine Tags, Fügen Sie das erste Tag hinzu!

MARC

LEADER 00000nam$a2200000$$$4500
001 0086235
005 20240201120404.1
041 0 |a slo 
044 |a SK 
245 1 0 |a Stanovenie hodnoty podniku  |b diplomová práca  |c Ľubomír Kasperkevič ; škol. Peter Kardoš 
264 1 |a Bratislava  |c 2008 
300 |a 69 s. 
100 1 |a Kasperkevič, Ľubomír 
700 1 |a Kardoš, Peter 
710 2 |a Fakulta podnikového manažmentu EU. Katedra podnikovohospodárska